| 000 | 00351nam a22001217a 4500 | ||
|---|---|---|---|
| 999 |
_c13929 _d13929 |
||
| 020 | _a9783837647198 | ||
| 082 | _a005 | ||
| 100 | _aAndreas Sudmann (ed.) | ||
| 245 | _aThe Democratization of Artificial Intelligence : Net Politics in the Era of Learning Algorithms | ||
| 260 |
_aBielefeld _btranscript Verlag _c2019 |
||
| 300 | _a331 pages | ||
| 942 | _cBK | ||